000 00591nam a2200229Ia 4500
003 OSt
005 20220926014222.0
006 a|||||r|||| 00| 0
007 ta
008 220923b |||||||| |||| 00| 0 eng d
020 _a0070114714
037 _cGeneral Book
040 _aRTL
_cRTL
_beng
041 _2eng
_aeng
082 _aX65, L8
100 _aCoates C Robert
_9127285
245 0 _aInvestment Strategy
260 _aNew York
_bMc Graw Hill
_c1978
300 _axvi, 588p
_ccm.
942 _hX65, L8
_cGB
_2CC
999 _c628344
_d628344